00335 a2200121 45000010005000001000018000052450034000232600016000570900015000739420023000889990019001119520083001303721 aPk Publishing aFirest five year plan 1955-60 abPak Pubc c2969d2969 aNUST-CAEcMc21879 c238794d238794 001040708NFICaCAEbCAEd2017-04-03l0pCAE5786r2017-04-05w2017-04-05yBK